Advanced Cost Accounting And Cost Systems (recent Advanced In Cost Auditing And Cost System) M.com.-ii (sem.-iv) (Record no. 39018)

MARC details
000 -LEADER
fixed length control field 00577nam a2200193Ia 4500
008 - FIXED-LENGTH DATA ELEMENTS--GENERAL INFORMATION
fixed length control field 220531s9999 xx 000 0 und d
041 ## - LANGUAGE CODE
Language code of text/sound track or separate title eng
082 ## - DEWEY DECIMAL CLASSIFICATION NUMBER
Classification number -
Item number JAD
100 ## - MAIN ENTRY--PERSONAL NAME
Personal name Jadhavar, S. U. And Others
9 (RLIN) 69573
245 ## - TITLE STATEMENT
Title Advanced Cost Accounting And Cost Systems (recent Advanced In Cost Auditing And Cost System) M.com.-ii (sem.-iv)
250 ## - EDITION STATEMENT
Edition statement 1ST
260 ## - PUBLICATION, DISTRIBUTION, ETC. (IMPRINT)
Place of publication, distribution, etc. Pune
Name of publisher, distributor, etc. Success
Date of publication, distribution, etc. 2014
300 ## - PHYSICAL DESCRIPTION
Extent 5.82
542 ## - INFORMATION RELATING TO COPYRIGHT STATUS
Copyright holder 03-03-2015
551 ## -
-- Commerce
-- Non-grant--C
650 ## - SUBJECT ADDED ENTRY--TOPICAL TERM
Topical term or geographic name as entry element Cost Accounting
9 (RLIN) 69574
906 ## - LOCAL DATA ELEMENT F, LDF (RLIN)
d 2014-2015
f 5120
Holdings
Withdrawn status Lost status Source of classification or shelving scheme Damaged status Not for loan Collection code Home library Current library Date acquired Vendor Cost, normal purchase price Total Checkouts Total Holds Full call number Barcode Date last seen Bill Date Koha item type Original Barcode
    Dewey Decimal Classification       Shri Siddhivinayak Mahila Mahavidyalaya Shri Siddhivinayak Mahila Mahavidyalaya 07/03/2015 Ved 300.00   5 -/JAD/B/20486 SSMM-BK-20486 06/08/2022 06/08/2022 Books 010020486